Normal view
MARC view
- Slobodan Dmitrović
Entry Personal Name
001 - CONTROL NUMBER
- control field: 133308
003 - CONTROL NUMBER IDENTIFIER
- control field: NUST
005 - DATE AND TIME OF LATEST TRANSACTION
- control field: 20260217152913.0
008 - FIXED-LENGTH DATA ELEMENTS
- fixed length control field: 260217|| aca||aabn | a|a d
040 ## - CATALOGING SOURCE
- Original cataloging agency: NUST
- Transcribing agency: NUST
100 ## - HEADING--PERSONAL NAME
- Personal name: Slobodan Dmitrović
670 ## - SOURCE DATA FOUND
- Source citation: Work cat.: (NUST): Slobodan Dmitrović., Modern C for Absolute Beginners: A Friendly Introduction to the C Programming Language /, 2024.
